01966cam a2200205 a 4500020004200000020003900042041000800081082001600089245004400105260003800149300002700187490003400214505127500248700002201523700002501545856005901570942000701629952010701636999001701743 a9789004170261 (hardback : alk. paper) a900417026X (hardback : alk. paper) aENG a275.98bSTE02aA history of Christianity in Indonesia  aLeiden ;aBoston ;bBrill,c2008. axvi, 1004 p. :bill. ;1 aStudies in Christian mission,0 aPt. 1. The first Christians : until 1800. Christianity in pre-colonial Indonesia -- 1530-1670 : a race between Islam and Christianity? -- Catholic converts in the Moluccas, Minahasa and Sangihe-Talaud, 1512-1680 -- The Solor-Timor mission of the Dominicans 1562-1800 -- The arrival of Protestantism and the consolidation of Christiantiy in the Moluccas 1605-1800 -- Pt. 2. 1800-2005 : chronological and regional surveys. 1800-2005 : a national overview -- Old and new Christianity in the southeastern islands -- Christianity in Papua -- Moluccan Christianity in the 19th and 20th century between Agama Ambon and Islam -- How Christianity obtained a central position in Minahasa culture and society -- Christianity in central and southern Sulawesi -- Kalimantan or Indonesian Borneo -- The sharp contrasts of Sumatra -- Christianity in Javanese culture and society -- A small Christian flock in Bali -- Pt. 3. Issues of national concern. Theological thinking by Indonesian Christians, 1850-2000 -- The ecumenical movement in Indonesia with special attention to the National Council of Churches -- The spectacular growth of the third stream : the Evangelicals and Pentecostals -- Chinese Christian communities in Indonesia -- Christian art in Indonesia -- Christian media.1 aAritonang, Jan S.1 aSteenbrink, Karel A.41uhttp://www.loc.gov/catdir/toc/ecip0824/2008031321.html cBK 00104070aHMIbHMIcGENd2023-09-08eNetherlandsl0o275.98 STEp11-4747r2023-09-08w2023-09-08yBK c23357d23357